000
00304nam a22001457a 4500
008
211019b ||||| |||| 00| 0 eng d
020
_a
9780138584405
041
_a
eng
080
_a
004
082
_a
004
100
_a
28
101
_a
SHKI
245
_a
Java For Students
_c
Bell,D
942
_2
udc
_c
BK
999
_c
58286
_d
58286